logo

Bir Sreshtho Munshi Abdur Rouf Library
Jhenaidah Cadet College

Algebra For Problem Solving / (Record no. 6571)

MARC details
000 -LEADER
fixed length control field 00692nam a22002537a 4500
001 - CONTROL NUMBER
JCCL Control Number 6571
003 - CONTROL NUMBER IDENTIFIER
JCCL marc code BD-JhCC
005 - DATE AND TIME OF LATEST TRANSACTION
control field 20180125184029.0
008 - FIXED-LENGTH DATA ELEMENTS--GENERAL INFORMATION
fixed length control field 180125s1957 xxuad||| |||| 00| 0 eng d
035 ## - SYSTEM CONTROL NUMBER
system control number (BD-JhCC)6571
040 ## - CATALOGING SOURCE
Original cataloging agency BD-JhCC
Modifying agency BD-JhCC
041 ## - LANGUAGE CODE
Language code of Book eng
082 ## - DEWEY DECIMAL CLASSIFICATION NUMBER
Classification number 512
Author mark and Year FRE 1957
100 ## - MAIN ENTRY--PERSONAL NAME
Personal name Freilich, Julius
245 ## - TITLE STATEMENT
Title Algebra For Problem Solving /
Statement of responsibility, etc Julius Freilich, Simon L. Berman and Elsie Parker Jhonson
260 ## - PUBLICATION, DISTRIBUTION, ETC. (IMPRINT)
Place of publication, distribution, etc USA :
Name of publisher, distributor, etc The Riverside Press,
Date of publication, distribution, etc 1957.
300 ## - PHYSICAL DESCRIPTION
Pagination 560 p. :
Other physical details ill.;
Dimensions 23 cm.
504 ## - BIBLIOGRAPHY, ETC. NOTE
Bibliography, etc Includes Appendix
650 ## - SUBJECT ADDED ENTRY--TOPICAL TERM
Topical term or geographic name as entry element Algebra
700 ## - ADDED ENTRY--PERSONAL NAME
Personal name Berman, Simon L.
700 ## - ADDED ENTRY--PERSONAL NAME
Personal name Jhonson, Elsie Parker
942 ## - ADDED ENTRY ELEMENTS (KOHA)
Source of classification or shelving scheme Dewey Decimal Classification
Koha item type Books
Holdings
Source of classification or shelving scheme Damaged status Not for loan Home library Current library Shelving location Date of accession Total Checkouts Full call number Barcode Date last seen Copy number Koha item type
Dewey Decimal Classification     JCC Rouf Library JCC Rouf Library General Stacks 01/25/2018   512 FRE 1957 8706 01/25/2018 C-1 Books

JCC Library | Contacts | JCC Home

Last Update on 23 September 2017
Copyright @ 2017-2020 JCC Rouf Library
Rouf Library, Jhenidah Cadet College (JCC), Bangladesh